Derecho de las cosas.

Uloženo v:
Podrobná bibliografie
Hlavní autor: Yglesias, Arturo (autor)
Médium: Kniha
Jazyk:angličtina
Vydáno: Montevideo, Uruguay: Fundación de Cultura Universitaria (FCU), 1997.
Vydání:1a. edición.
Témata:
Tagy: Přidat tag
Žádné tagy, Buďte první, kdo vytvoří štítek k tomuto záznamu!

MARC

LEADER 00000nam a22000007a 4500
003 CL-VaPUC
005 20220822114739.0
008 220728t1997 ||||| |||| 00| 0 eng d
999 |c 437700  |d 437698 
020 |a 9974-2-0132-2 (Obra completa) 
020 |a 9974-2-0133-0 (t.I) 
040 |c Pontificia Universidad Católica de Valparaíso 
082 |2 22  |a 346.89048 IGL 1997  
100 |9 874221  |a Yglesias, Arturo  |e autor 
245 |a Derecho de las cosas.  
250 |a 1a. edición.  |b Reimpresión inalterada, 2004.  
260 |a Montevideo, Uruguay:   |b Fundación de Cultura Universitaria (FCU),   |c 1997.  
300 |a Tomo I.  
500 |a c.1 Tomo I: Donación Familia Prof. Alejandro Guzmán Brito. 
505 |a t.I: Los bienes y su clasificación.  
583 |c 20220728  |k Yessy Sthefany Diaz Vidal 
650 0 |a Bienes  |9 255749  |x Derecho   |z Uruguay  
650 0 |a Bienes muebles   |9 380927  |x Derecho   |z Uruguay  
650 0 |a Bienes inmuebles   |9 359521  |x Derecho   |z Uruguay  
942 |2 ddc  |c BK  |n 0 
952 |0 0  |1 0  |2 ddc  |4 0  |6 346_890480000000000_IGL_1997  |7 0  |8 C_AGB  |9 585490  |a BIBDER  |b BIBDER  |d 2022-07-28  |e Donación   |h t.I  |i 5653407  |o 346.89048 IGL 1997  |p 5653407  |r 2023-01-25  |t 1   |w 2022-07-28  |y BK_US  |k AGB